[Event "29th ECh U20"]
[Site "Patras GRE"]
[Date "2001.07.16"]
[Round "1"]
[White "Atakisi, Umut"]
[Black "Timofeev, Artiom"]
[Result "0-1"]
[WhiteElo "2302"]
[BlackElo "2521"]
[EventDate "2001.07.16"]
[PlyCount "70"]

1.e4 d6 2.d4 Nf6 3.Nc3 g6 4.Bg5 Bg7 5.Qd2 h6 6.Bh4 g5 7.Bg3 Nh5 8.O-O-O 
Nc6 9.Nge2 Bd7 10.Kb1 e6 11.f3 Nxg3 12.hxg3 Qe7 13.f4 a6 14.d5 Na7 15.Nd4 
O-O-O 16.Nf3 g4 17.Nh4 Rhe8 18.dxe6 fxe6 19.Bd3 Nc6 20.Rde1 Kb8 21.Ng6 Qf7
22.e5 Nb4 23.Be4 d5 24.Bd3 d4 25.Ne2 Nxd3 26.Qxd3 Bb5 27.Qe4 d3 28.Nd4 
dxc2+ 29.Kc1 Rxd4 30.Qxd4 Qxg6 31.Re3 Bf8 32.Rhe1 Be7 33.Rc3 Rd8 34.Qe4 
Qxe4 35.Rxe4 Bd3 0-1

[Event "29th ECh U20"]
[Site "Patras GRE"]
[Date "2001.07.16"]
[Round "1"]
[White "Buhmann, Rainer"]
[Black "Pilaj, Herwig"]
[Result "1-0"]
[WhiteElo "2498"]
[BlackElo "2297"]
[EventDate "2001.07.16"]
[PlyCount "107"]

1.Nf3 Nf6 2.c4 c5 3.Nc3 e6 4.g3 b6 5.Bg2 Bb7 6.O-O d6 7.d4 cxd4 8.Qxd4 a6 
9.b3 Nbd7 10.e4 Qc7 11.Rd1 Be7 12.Ba3 Nc5 13.e5 dxe5 14.Qxe5 Qc8 15.Qe2 
O-O 16.Rac1 Rd8 17.Nd5 exd5 18.Qxe7 Re8 19.Qd6 Re6 20.Qf4 Re4 21.Qd6 Re6 
22.Qf4 Re4 23.Qd2 dxc4 24.bxc4 Qc6 25.Qd6 Ree8 26.Rb1 Qxd6 27.Rxd6 Na4 28.
Rb4 Ne4 29.Rd7 Nac5 30.Rc7 Rad8 31.Rxb6 Rd1+ 32.Bf1 Ba8 33.Bxc5 Nxc5 34.
Rxc5 Bxf3 35.Re5 Red8 36.Re3 Bg4 37.Kg2 a5 38.f3 Be6 39.Kf2 Ra1 40.Rb2 g6 
41.Rc3 Kf8 42.Bd3 Ke7 43.Ke3 h5 44.Be4 Re1+ 45.Re2 Ra1 46.a3 Rad1 47.c5 a4
48.c6 Kd6 49.Bc2 Rc1 50.Rd2+ Kc7 51.Rxd8 Kxd8 52.Kd4 Kc7 53.Bxa4 Rh1 54.h4
1-0

[Event "29th ECh U20"]
[Site "Patras GRE"]
[Date "2001.07.16"]
[Round "1"]
[White "Jirka, Jiri"]
[Black "Berg, Emanuel"]
[Result "0-1"]
[WhiteElo "2292"]
[BlackElo "2496"]
[EventDate "2001.07.16"]
[PlyCount "80"]

1.d4 e6 2.c4 Nf6 3.g3 d5 4.Nf3 Bb4+ 5.Bd2 Bxd2+ 6.Nbxd2 O-O 7.Bg2 Qe7 8.
O-O Rd8 9.Qc2 Nc6 10.Rad1 Nb4 11.Qb1 c5 12.a3 Nc6 13.dxc5 Qxc5 14.b4 Qe7 
15.e4 a5 16.b5 Nb8 17.e5 Ne8 18.a4 Nd7 19.Qc2 b6 20.cxd5 exd5 21.Rfe1 Bb7 
22.Qa2 Nc5 23.Nd4 g6 24.Qa3 Ng7 25.Bh3 Nge6 26.Nxe6 fxe6 27.Nb3 Rf8 28.Nd4
Rxf2 29.Nxe6 Rc2 30.Nf4 Rf8 31.Be6+ Kh8 32.Bxd5 g5 33.Ng2 Bxd5 34.Rxd5 Qf7
35.Nf4 gxf4 36.e6 Qf6 37.Qf3 Nxe6 38.Qd3 fxg3 39.Qxc2 Qf2+ 40.Qxf2 gxf2+ 
0-1

[Event "29th ECh U20"]
[Site "Patras GRE"]
[Date "2001.07.16"]
[Round "1"]
[White "Izoria, Zviad"]
[Black "Le Roux, Jean-Pierre"]
[Result "1-0"]
[WhiteElo "2486"]
[BlackElo "2285"]
[EventDate "2001.07.16"]
[PlyCount "73"]

1.d4 d5 2.c4 c6 3.Nf3 Nf6 4.e3 a6 5.Bd3 Bg4 6.Qb3 Bxf3 7.gxf3 Qc7 8.Nc3 e6
9.Bd2 dxc4 10.Bxc4 b5 11.Be2 c5 12.Rc1 Nbd7 13.a4 c4 14.Qc2 Qb7 15.Rg1 h6 
16.Ne4 Rc8 17.axb5 axb5 18.Qb1 Qb8 19.f4 Nxe4 20.Qxe4 Nf6 21.Qb1 Nd5 22.
Bf3 b4 23.Bxd5 exd5 24.Qf5 Rd8 25.Ra1 Qc8 26.Qe5+ Qe6 27.Ra6 Qxe5 28.fxe5 
g5 29.Ke2 Be7 30.Ra7 Rb8 31.Rga1 h5 32.R1a6 g4 33.e6 f5 34.Rd7 h4 35.Raa7 
Rh7 36.Bxb4 Bxb4 37.Rxh7 1-0

[Event "29th ECh U20"]
[Site "Patras GRE"]
[Date "2001.07.16"]
[Round "1"]
[White "Ginzburg, Mikhail"]
[Black "Postny, Evgeny"]
[Result "1/2-1/2"]
[WhiteElo "2274"]
[BlackElo "2486"]
[EventDate "2001.07.16"]
[PlyCount "106"]

1.e4 d6 2.d4 g6 3.Nc3 Bg7 4.Be3 Nf6 5.f3 c6 6.Qd2 b5 7.O-O-O Nbd7 8.Bh6 
Bxh6 9.Qxh6 Qa5 10.Kb1 b4 11.Nce2 Ba6 12.Nh3 Nb6 13.Nc1 Bxf1 14.Rhxf1 Nc4 
15.Rfe1 Rb8 16.Nf4 Rb5 17.Re2 Qc7 18.Rde1 Qb6 19.Nb3 Nd7 20.Nd3 e5 21.dxe5
dxe5 22.f4 Qd8 23.fxe5 Ndxe5 24.Nxe5 Rxe5 25.Qg7 Rf8 26.Nc1 Qe7 27.Qxh7 
Rh5 28.Qg7 Qe5 29.Qxe5+ Nxe5 30.h3 Ke7 31.Rd1 Rd8 32.Rxd8 Kxd8 33.Nd3 a5 
34.Kc1 Ke7 35.b3 Nd7 36.Kb2 c5 37.a3 Rh4 38.c3 bxa3+ 39.Kxa3 Rh8 40.Rf2 
Rb8 41.Nf4 c4 42.Nd5+ Kf8 43.bxc4 Ne5 44.Ne3 Rb1 45.Re2 Nd3 46.Nc2 Nc5 47.
Nd4 Ra1+ 48.Kb2 Ra4 49.e5 Rxc4 50.e6 Na4+ 51.Kb3 Rxc3+ 52.Kxa4 Rc4+ 53.
Kxa5 Rxd4 1/2-1/2

[Event "29th ECh U20"]
[Site "Patras GRE"]
[Date "2001.07.16"]
[Round "1"]
[White "Pert, Nicholas"]
[Black "Poliakov, Dmitry"]
[Result "1-0"]
[WhiteElo "2475"]
[BlackElo "2267"]
[EventDate "2001.07.16"]
[PlyCount "83"]

1.d4 d5 2.c4 c6 3.Nf3 Nf6 4.e3 e6 5.Bd3 Bd6 6.b3 Nbd7 7.Bb2 Qe7 8.Ne5 Bb4+
9.Nd2 dxc4 10.bxc4 Nxe5 11.dxe5 Nd7 12.O-O Nc5 13.Ne4 Nxe4 14.Bxe4 O-O 15.
Qh5 g6 16.Qg4 Rb8 17.Rfd1 Bd7 18.a3 Bc5 19.Bd4 Rfd8 20.h4 Be8 21.Bxc5 Qxc5
22.Qg5 Rxd1+ 23.Rxd1 h5 24.Bf3 Qxa3 25.Bxh5 Qf8 26.Bf3 Qg7 27.c5 Kf8 28.
Be4 b6 29.Rd8 Rxd8 30.Qxd8 Qxe5 31.Bxc6 Qa1+ 32.Kh2 Qe5+ 33.g3 Qxc5 34.
Qxe8+ Kg7 35.Bf3 a5 36.Qc6 Qb4 37.h5 g5 38.Qc7 g4 39.Qe5+ f6 40.h6+ Kxh6 
41.Qxf6+ Kh5 42.Bc6 1-0

[Event "29th ECh U20"]
[Site "Patras GRE"]
[Date "2001.07.16"]
[Round "1"]
[White "Lazar, Ales"]
[Black "Dziuba, Marcin"]
[Result "0-1"]
[WhiteElo "2259"]
[BlackElo "2471"]
[EventDate "2001.07.16"]
[PlyCount "56"]

1.e4 c5 2.c3 Nf6 3.e5 Nd5 4.Nf3 e6 5.d4 cxd4 6.cxd4 b6 7.Bd3 d6 8.O-O Nd7 
9.Nc3 Nxc3 10.bxc3 dxe5 11.dxe5 Nc5 12.Bb5+ Bd7 13.a4 a6 14.Bxd7+ Qxd7 15.
Nd4 Rc8 16.Qe2 Nxa4 17.Qxa6 Nxc3 18.Bb2 Nd5 19.Rfc1 Bc5 20.Nb3 O-O 21.Nxc5
Rxc5 22.Rxc5 bxc5 23.Ba3 Rc8 24.Rc1 Nf4 25.g3 Nd3 26.Rc3 Nxe5 27.Rxc5 Rxc5
28.Bxc5 Qd1+ 0-1

[Event "29th ECh U20"]
[Site "Patras GRE"]
[Date "2001.07.16"]
[Round "1"]
[White "Divaris, Kimon"]
[Black "Lupulescu, Constantin"]
[Result "0-1"]
[WhiteElo "2240"]
[BlackElo "2465"]
[EventDate "2001.07.16"]
[PlyCount "44"]

1.d4 Nf6 2.c4 g6 3.Nc3 d5 4.Bg5 Ne4 5.cxd5 Nxc3 6.bxc3 Qxd5 7.Nf3 c5 8.Qb3
Be6 9.Qxd5 Bxd5 10.e3 Nc6 11.h4 Bg7 12.Bd3 cxd4 13.exd4 e5 14.Nxe5 Nxe5 
15.dxe5 Bxe5 16.O-O O-O 17.Rfc1 Rac8 18.Be7 Rfe8 19.Bb4 Bc4 20.Rd1 b6 21.
Bxc4 Rxc4 22.Rd7 Rxb4 0-1

[Event "29th ECh U20"]
[Site "Patras GRE"]
[Date "2001.07.16"]
[Round "1"]
[White "Tsiamis, Konstantinos"]
[Black "Berkvens, Joost"]
[Result "0-1"]
[WhiteElo "2217"]
[BlackElo "2444"]
[EventDate "2001.07.16"]
[PlyCount "70"]

1.e4 c5 2.Nf3 Nc6 3.Bb5 g6 4.c3 Bg7 5.d4 Qb6 6.Bxc6 bxc6 7.O-O cxd4 8.cxd4
Nf6 9.Nc3 d6 10.h3 O-O 11.b3 c5 12.dxc5 Qxc5 13.Bb2 Qa5 14.Nd5 Nxd5 15.
Bxg7 Kxg7 16.exd5 Bb7 17.Qd4+ Kg8 18.Rfd1 Rac8 19.Nh2 Qc5 20.Ng4 Qxd4 21.
Rxd4 f5 22.Ne3 f4 23.Nc4 Rc5 24.Rad1 Rf5 25.b4 Rcxd5 26.Na5 Ba8 27.a4 Rg5 
28.Rxd5 Bxd5 29.Rxd5 Rxd5 30.Nc6 Rd1+ 31.Kh2 Kf7 32.Nxa7 Ke6 33.b5 Kd7 34.
b6 Rb1 35.a5 d5 0-1

[Event "29th ECh U20"]
[Site "Patras GRE"]
[Date "2001.07.16"]
[Round "1"]
[White "Stryjecki, Marek"]
[Black "Zvan, Ziga"]
[Result "1-0"]
[WhiteElo "2441"]
[BlackElo "2168"]
[EventDate "2001.07.16"]
[PlyCount "91"]

1.g3 Nf6 2.Bg2 g6 3.e4 e5 4.Ne2 Bg7 5.d4 exd4 6.Nxd4 O-O 7.Nc3 Nc6 8.Be3 
Re8 9.O-O d6 10.h3 Ne5 11.b3 Ned7 12.Qd2 Nc5 13.f3 d5 14.Ndb5 b6 15.exd5 
a6 16.Na3 Bb7 17.Rad1 Bxd5 18.Nxd5 Nxd5 19.Bxc5 bxc5 20.Qxd5 Bd4+ 21.Rxd4 
cxd4 22.f4 Qe7 23.Nc4 Rad8 24.Qf3 Qc5 25.Kh2 Re6 26.g4 Rde8 27.f5 Rf6 28.
Qd3 gxf5 29.gxf5 Qb5 30.Be4 c5 31.Qg3+ Kf8 32.Bd3 Qb8 33.Qxb8 Rxb8 34.Re1 
Re8 35.Rxe8+ Kxe8 36.Be4 Ke7 37.Kg3 Rh6 38.a4 Kf6 39.Kg4 Ke7 40.a5 Kf6 41.
h4 Ke7 42.Kg5 Rf6 43.Bf3 h6+ 44.Kf4 Kf8 45.Ke5 Kg7 46.h5 1-0

[Event "29th ECh U20"]
[Site "Patras GRE"]
[Date "2001.07.16"]
[Round "1"]
[White "Georgiou, Kostantinos"]
[Black "Mastrovasilis, Dimitrios"]
[Result "0-1"]
[WhiteElo "2142"]
[BlackElo "2435"]
[EventDate "2001.07.16"]
[PlyCount "179"]

1.e4 c5 2.Nf3 e6 3.b3 b6 4.Bb2 Bb7 5.Nc3 Nc6 6.Bb5 Nf6 7.O-O Nd4 8.Bd3 Be7
9.Re1 O-O 10.a4 a6 11.Nb1 Nc6 12.Bf1 Qc7 13.Na3 d6 14.d3 Ne5 15.Bxe5 dxe5 
16.Qd2 Nd7 17.Qe3 Bc6 18.c3 Bf6 19.g4 Rfd8 20.h4 b5 21.axb5 axb5 22.Bh3 
Be7 23.Nc2 Rxa1 24.Rxa1 Ra8 25.Rxa8+ Bxa8 26.c4 Bc6 27.Qe1 Nf8 28.h5 h6 
29.Qa1 Nd7 30.Qa6 b4 31.Kg2 Bb7 32.Qa1 Bf6 33.Ne3 Nb8 34.Qa4 Nc6 35.Kg1 
Kh7 36.Bf1 Bc8 37.Kg2 Bd7 38.Qa1 Qd6 39.Qb2 Bd8 40.Qa1 Nd4 41.Nd2 Bg5 42.
Qd1 Qa6 43.Nf3 Qa2 44.Nxd4 exd4 45.Qc2 Qa6 46.Nd1 e5 47.f3 Qf6 48.Nf2 Be3 
49.Nd1 Bf4 50.Qf2 Qa6 51.Qb2 Kg8 52.Nf2 g6 53.hxg6 fxg6 54.Be2 Kg7 55.Bd1 
h5 56.Qe2 Be3 57.Nh1 Kh6 58.Ng3 Bf4 59.Nh1 Qf6 60.Qf2 Qg5 61.Kh3 Qf6 62.
Be2 Qh8 63.Qh4 Bg5 64.Qg3 Bf4 65.Qh4 Bg5 66.Qg3 hxg4+ 67.fxg4 Kg7+ 68.Kg2 
Bf4 69.Qh3 Qa8 70.Bd1 Be3 71.Qf3 Qa2+ 72.Qe2 Qa8 73.Qf3 Qh8 74.Qh3 Qd8 75.
Qg3 Bf4 76.Qh3 Be3 77.Qg3 Qg5 78.Qf3 Qh4 79.Qg3 Qf6 80.Qf3 Bf4 81.Nf2 Qa6 
82.Nh3 Be3 83.Qe2 Qa1 84.Qc2 Kf6 85.Qe2 Ke7 86.Qc2 Qc3 87.Qe2 Kd6 88.Qf3 
Qd2+ 89.Qe2 Qc3 90.Qf3 0-1

[Event "29th ECh U20"]
[Site "Patras GRE"]
[Date "2001.07.16"]
[Round "1"]
[White "Flumbort, Andras"]
[Black "Kafka, Graeme"]
[Result "1-0"]
[WhiteElo "2372"]
[BlackElo "2104"]
[EventDate "2001.07.16"]
[PlyCount "63"]

1.d4 d5 2.c4 c6 3.Nf3 Nf6 4.Nc3 dxc4 5.a4 Bf5 6.Ne5 Nbd7 7.Nxc4 Qc7 8.g3 
e5 9.dxe5 Nxe5 10.Bf4 Nfd7 11.Bg2 g5 12.Ne3 gxf4 13.Nxf5 fxg3 14.hxg3 
O-O-O 15.Qc2 Ng4 16.Rh4 Nde5 17.a5 a6 18.f4 h5 19.fxe5 Qxe5 20.Qe4 Qc5 21.
e3 Bh6 22.Rxh5 Bxe3 23.Ne7+ Qxe7 24.Qxe7 Rxh5 25.Rd1 Bf2+ 26.Kf1 Ne3+ 27.
Kxf2 Nxd1+ 28.Nxd1 Rxd1 29.Qe8+ Rd8 30.Qxf7 Rxa5 31.Qf4 Rh8 32.Bh3+ 1-0

[Event "29th ECh U20"]
[Site "Patras GRE"]
[Date "2001.07.16"]
[Round "1"]
[White "Zournatsidis, Evgenios"]
[Black "Vallin, Guillaume"]
[Result "0-1"]
[WhiteElo "2098"]
[BlackElo "2359"]
[EventDate "2001.07.16"]
[PlyCount "92"]

1.e4 e6 2.b3 d5 3.Bb2 c5 4.exd5 exd5 5.Bb5+ Bd7 6.Qe2+ Qe7 7.Qxe7+ Nxe7 8.
Bxd7+ Nxd7 9.d4 b6 10.Ne2 O-O-O 11.Nbc3 Nf6 12.O-O Nc6 13.Rfd1 Be7 14.a3 
Rhe8 15.Kf1 Kb7 16.Rab1 h5 17.Na2 c4 18.bxc4 dxc4 19.Nac3 Nd5 20.Nxd5 Rxd5
21.Nf4 Rf5 22.g3 Bd6 23.d5 Ne5 24.Re1 Rc8 25.Bxe5 Bxe5 26.Rbd1 Rd8 27.Ng2 
Bf6 28.Ne3 Re5 29.f4 Re4 30.Kg2 Rde8 31.Kf3 Bc3 32.Re2 Kc7 33.h3 f5 34.a4 
g6 35.Rb1 Bd2 36.Rxd2 Rxe3+ 37.Kf2 c3 38.Rd3 Rxd3 39.cxd3 Kd6 40.Rc1 Rc8 
41.Ke2 Kxd5 42.Kd1 Kd4 43.Kc2 Re8 44.Kb3 Re3 45.Kb4 Rxd3 46.Kb5 Rxg3 0-1

[Event "29th ECh U20"]
[Site "Patras GRE"]
[Date "2001.07.16"]
[Round "1"]
[White "Haznedaroglu, Kivanc"]
[Black "Verkasalo, Tommi"]
[Result "1-0"]
[WhiteElo "2345"]
[BlackElo "2037"]
[EventDate "2001.07.16"]
[PlyCount "83"]

1.e4 c5 2.Nf3 Nc6 3.d4 cxd4 4.Nxd4 g6 5.c4 Nf6 6.Nc3 d6 7.Be2 Nxd4 8.Qxd4 
Bg7 9.Be3 O-O 10.Qd2 Be6 11.Rc1 Qa5 12.O-O Rfc8 13.b3 a6 14.f4 b5 15.f5 
Bd7 16.fxg6 hxg6 17.e5 b4 18.Na4 Ne4 19.Qd3 Bf5 20.exd6 Nxd6 21.Qd2 Ne4 
22.Qe1 Nc3 23.Bf3 Nxa2 24.Ra1 Bxa1 25.Qxa1 Nc3 26.Nb6 Qxa1 27.Rxa1 Rab8 
28.Nxc8 Rxc8 29.Rxa6 Bc2 30.Bb7 Rb8 31.Rb6 Na2 32.c5 Nc3 33.Bf3 Rd8 34.c6 
Bf5 35.Rxb4 Nd5 36.Rd4 Be6 37.c7 Rd6 38.Bxd5 Bc8 39.Bf3 Rxd4 40.Bxd4 e6 
41.b4 e5 42.Bc5 1-0

[Event "29th ECh U20"]
[Site "Patras GRE"]
[Date "2001.07.16"]
[Round "1"]
[White "Gengler, Pierre"]
[Black "Kujovic, Michal"]
[Result "0-1"]
[WhiteElo "2023"]
[BlackElo "2335"]
[EventDate "2001.07.16"]
[PlyCount "62"]

1.e4 c5 2.Nf3 d6 3.d4 cxd4 4.Nxd4 Nf6 5.Nc3 a6 6.Bg5 e6 7.f4 Be7 8.Qf3 Qc7
9.O-O-O Nc6 10.g4 h6 11.Bxf6 Bxf6 12.Nde2 b5 13.h4 b4 14.Na4 Bb7 15.Bh3 
Bxh4 16.g5 hxg5 17.Rdg1 Qa5 18.b3 O-O-O 19.Kb1 Kb8 20.fxg5 Bxg5 21.Qxf7 
Bf6 22.Qxe6 Qb5 23.Bf1 Rhe8 24.Qf5 Qxf5 25.exf5 Nd4 26.Rh2 Nf3 27.Rhg2 
Nxg1 28.Rxg1 Bf3 29.Nc1 Re1 30.Nb2 Bd4 31.Nd3 Rxc1+ 0-1

[Event "29th ECh U20"]
[Site "Patras GRE"]
[Date "2001.07.17"]
[Round "2"]
[White "Mastrovasilis, Dimitrios"]
[Black "Smirnov, Pavel"]
[Result "1-0"]
[WhiteElo "2435"]
[BlackElo "2530"]
[EventDate "2001.07.16"]
[PlyCount "57"]

1.e4 c5 2.Nf3 d6 3.d4 Nf6 4.Nc3 cxd4 5.Nxd4 a6 6.Be3 e6 7.f3 b5 8.Qd2 Nbd7
9.O-O-O Bb7 10.g4 h6 11.h4 b4 12.Na4 Qa5 13.b3 Nc5 14.a3 Nxa4 15.axb4 Qc7 
16.bxa4 e5 17.Nb3 d5 18.exd5 Bxd5 19.Nc5 Bxc5 20.Bxc5 Bxf3 21.Bg2 Bxd1 22.
Bxa8 Bxg4 23.Qg2 e4 24.Re1 Qf4+ 25.Kb1 Kd7 26.Bxe4 Rb8 27.Bb7 Be6 28.Rd1+ 
Ke8 29.Qxg7 1-0

[Event "29th ECh U20"]
[Site "Patras GRE"]
[Date "2001.07.17"]
[Round "2"]
[White "Timofeev, Artiom"]
[Black "Stryjecki, Marek"]
[Result "0-1"]
[WhiteElo "2521"]
[BlackElo "2441"]
[EventDate "2001.07.16"]
[PlyCount "70"]

1.e4 e5 2.Nf3 Nc6 3.Bb5 Nf6 4.O-O Nxe4 5.d4 Nd6 6.Bxc6 dxc6 7.dxe5 Nf5 8.
Qxd8+ Kxd8 9.Nc3 Ke8 10.h3 Ne7 11.Ne4 Ng6 12.Re1 c5 13.a4 a5 14.Nc3 Bf5 
15.Nd5 Kd7 16.Ng5 Kc6 17.c4 Be6 18.Nxe6 fxe6 19.Nf4 Nxf4 20.Bxf4 Rd8 21.
Be3 Rd3 22.Rad1 Rb3 23.Rd8 g6 24.Bg5 Bg7 25.Rxh8 Bxh8 26.f4 Rxb2 27.Rd1 
Rb4 28.Bf6 Rxa4 29.Bxh8 Rxc4 30.Rd8 b5 31.Re8 Kd7 32.Rb8 b4 33.Bf6 a4 34.
Rd8+ Kc6 35.Re8 b3 0-1

[Event "29th ECh U20"]
[Site "Patras GRE"]
[Date "2001.07.17"]
[Round "2"]
[White "Berg, Emanuel"]
[Black "Flumbort, Andras"]
[Result "0-1"]
[WhiteElo "2496"]
[BlackElo "2372"]
[EventDate "2001.07.16"]
[PlyCount "112"]

1.e4 c5 2.Nf3 Nc6 3.d4 cxd4 4.Nxd4 Qc7 5.Nc3 e6 6.Be3 a6 7.f4 Nxd4 8.Qxd4 
b5 9.Be2 Bb7 10.Bf3 Rc8 11.O-O h5 12.h3 Ne7 13.Rad1 d5 14.Rf2 Nc6 15.Qb6 
d4 16.Bxd4 Nxd4 17.Qxd4 e5 18.Qd2 Bc5 19.Kh1 Bxf2 20.Qxf2 exf4 21.Nd5 Bxd5
22.exd5 Qd6 23.Qe2+ Kf8 24.a4 b4 25.Qd3 g6 26.Qd4 Kg8 27.Re1 Kh7 28.Re4 
Rxc2 29.Qxb4 Qxb4 30.Rxb4 Kg7 31.h4 Rhc8 32.Rb6 a5 33.Kh2 Kf8 34.d6 Rd2 
35.b4 axb4 36.Rxb4 Rxd6 37.Rxf4 Rcd8 38.a5 Rd4 39.Rf6 Rxh4+ 40.Kg3 Ra4 41.
a6 Rd3 42.Kh2 Ke7 43.Rb6 Rd6 44.Rb7+ Kf6 45.a7 Rda6 46.a8=B Rxa8 47.Rb6+ 
Kg5 48.Rb5+ f5 49.Bxa8 Rxa8 50.Rb3 h4 51.Kh3 Re8 52.Ra3 Re1 53.Kh2 Kg4 54.
Ra4+ f4 55.Ra3 g5 56.Rg3+ fxg3# 0-1

[Event "29th ECh U20"]
[Site "Patras GRE"]
[Date "2001.07.17"]
[Round "2"]
[White "Vallin, Guillaume"]
[Black "Buhmann, Rainer"]
[Result "0-1"]
[WhiteElo "2359"]
[BlackElo "2498"]
[EventDate "2001.07.16"]
[PlyCount "80"]

1.d4 e6 2.c4 b6 3.Nf3 Bb7 4.Nc3 Bb4 5.Qb3 a5 6.a3 Bxc3+ 7.Qxc3 f5 8.g3 Nf6
9.Bg2 O-O 10.O-O a4 11.b4 axb3 12.Qxb3 Nc6 13.Bb2 Na5 14.Qc2 Be4 15.Qc3 b5
16.cxb5 Nd5 17.Qe1 Nc4 18.Qc1 Ra4 19.Ne5 Bxg2 20.Kxg2 Qa8 21.Kg1 Nxe5 22.
dxe5 Rb8 23.Qc5 Qa5 24.Rab1 Rxb5 25.Qc2 h6 26.Rfc1 c5 27.e3 Qa6 28.Rd1 c4 
29.Rd4 Rb3 30.g4 fxg4 31.Rbd1 Qa8 32.Rxc4 Rxc4 33.Qxb3 Qc6 34.Rd4 Rxd4 35.
Bxd4 Ne7 36.Qb8+ Kh7 37.Qd6 Qc1+ 38.Kg2 Nf5 39.Qxd7 Nh4+ 40.Kg3 Qg1+ 0-1

[Event "29th ECh U20"]
[Site "Patras GRE"]
[Date "2001.07.17"]
[Round "2"]
[White "Kujovic, Michal"]
[Black "Izoria, Zviad"]
[Result "0-1"]
[WhiteElo "2335"]
[BlackElo "2486"]
[EventDate "2001.07.16"]
[PlyCount "60"]

1.d4 Nf6 2.c4 e6 3.Nf3 b6 4.Nc3 Bb7 5.Bg5 Be7 6.Qc2 c5 7.Rd1 Bxf3 8.gxf3 
cxd4 9.Rxd4 Nc6 10.Rd1 O-O 11.Bg2 Rc8 12.b3 d5 13.O-O Qc7 14.Nb5 Qb8 15.
cxd5 Nxd5 16.Bxe7 Ncxe7 17.Qb2 Rc5 18.Nd4 e5 19.b4 Rc4 20.Nf5 Qc7 21.Nxe7+
Nxe7 22.Bh3 Ng6 23.Rd7 Qc6 24.Rfd1 Rc2 25.Qb3 Rxe2 26.Rxf7 Rxf7 27.Be6 Kf8
28.Bxf7 Nf4 29.Kf1 Rc2 30.Bg8 Qg6 0-1

[Event "29th ECh U20"]
[Site "Patras GRE"]
[Date "2001.07.17"]
[Round "2"]
[White "Postny, Evgeny"]
[Black "Guidarelli, Laurent"]
[Result "1-0"]
[WhiteElo "2486"]
[BlackElo "2323"]
[EventDate "2001.07.16"]
[PlyCount "183"]

1.d4 d5 2.c4 c6 3.Nf3 Nf6 4.Nc3 a6 5.c5 Nbd7 6.Bf4 Nh5 7.Bd2 Qc7 8.e3 Nhf6
9.Be2 e5 10.O-O Be7 11.b4 Ne4 12.Be1 f5 13.Na4 Bf6 14.dxe5 Nxe5 15.Nd4 Ng4
16.Bxg4 fxg4 17.Nb6 Rb8 18.f3 gxf3 19.gxf3 Ng5 20.Bg3 Be5 21.Qe1 Bh3 22.
Bxe5 Qxe5 23.f4 Qe4 24.Qg3 Bxf1 25.fxg5 O-O 26.Nd7 Bd3 27.Nxb8 Qe8 28.Rd1 
Bc4 29.a3 Qxb8 30.Qxb8 Rxb8 31.Kf2 Re8 32.Rg1 Bd3 33.Rg4 Kf7 34.Rf4+ Ke7 
35.Nb3 Ke6 36.Nd4+ Ke7 37.Ke1 Bc4 38.Kd2 g6 39.Rh4 Rh8 40.Kc3 Ba2 41.Kb2 
Bc4 42.Kc3 Ba2 43.Nf3 Kf7 44.Kb2 Bc4 45.Ne5+ Kg7 46.Kc3 Ba2 47.Rf4 Re8 48.
Kd4 Re7 49.Rf1 Bb3 50.Rf2 Ba4 51.Rf6 Bc2 52.Rd6 Bf5 53.Rd8 Bh3 54.Rd6 Bf5 
55.h4 Bh3 56.a4 Bf1 57.Rd7 Kf8 58.Rd8+ Kg7 59.Rd7 Kf8 60.Rxe7 Kxe7 61.Ng4 
Ke6 62.Nf6 h5 63.e4 dxe4 64.Kxe4 Bg2+ 65.Kf4 Bf1 66.a5 Be2 67.Ne4 Bd3 68.
Nd6 Kd5 69.Nxb7 Kc4 70.Ke5 Kxb4 71.Kd6 Kb5 72.Nd8 Be4 73.Ne6 Kc4 74.Nc7 
Kb4 75.Nxa6+ Kxa5 76.Nb8 Kb5 77.Nd7 Bf5 78.Nf6 Bc2 79.Ng8 Bb1 80.Ne7 Be4 
81.Nc8 Ka6 82.Ke5 Bb1 83.Ne7 Kb5 84.Kf6 Kxc5 85.Nxg6 Kd4 86.Ne7 c5 87.Nf5+
Bxf5 88.Kxf5 c4 89.g6 c3 90.g7 c2 91.g8=Q c1=Q 92.Qd8+ 1-0

[Event "29th ECh U20"]
[Site "Patras GRE"]
[Date "2001.07.17"]
[Round "2"]
[White "Kumin, Simon"]
[Black "Pert, Nicholas"]
[Result "1/2-1/2"]
[WhiteElo "2313"]
[BlackElo "2475"]
[EventDate "2001.07.16"]
[PlyCount "45"]

1.e4 e6 2.d4 d5 3.Nc3 Bb4 4.e5 c5 5.a3 Bxc3+ 6.bxc3 Qa5 7.Bd2 Qa4 8.Qb1 c4
9.h4 Nc6 10.h5 h6 11.Ne2 Bd7 12.g3 O-O-O 13.Bh3 Nge7 14.O-O Kb8 15.Be3 
Rde8 16.Qc1 Ka8 17.Qd2 Nd8 18.g4 Nec6 19.Ng3 Rh7 20.Bg2 Ne7 21.f4 f5 22.g5
Rg8 23.g6 1/2-1/2

[Event "29th ECh U20"]
[Site "Patras GRE"]
[Date "2001.07.17"]
[Round "2"]
[White "Berkvens, Joost"]
[Black "Paljusaj, Edmond"]
[Result "1-0"]
[WhiteElo "2444"]
[BlackElo "2230"]
[EventDate "2001.07.16"]
[PlyCount "67"]

1.d4 Nf6 2.c4 g6 3.Nc3 Bg7 4.e4 d6 5.Nf3 O-O 6.Be2 e5 7.O-O Na6 8.Be3 Qe8 
9.d5 Nc5 10.Nd2 a5 11.b3 Nfd7 12.f3 f5 13.Kh1 Nf6 14.a3 f4 15.Bg1 g5 16.b4
Ncd7 17.Nb5 Nh5 18.Bf2 Qd8 19.c5 axb4 20.axb4 Rxa1 21.Qxa1 Ndf6 22.Qa5 
dxc5 23.bxc5 c6 24.Qxd8 Rxd8 25.Nd6 cxd5 26.exd5 Nxd5 27.Bc4 Nf6 28.N2e4 
Kf8 29.Nxf6 Nxf6 30.Rb1 e4 31.fxe4 Ng4 32.Bg1 Be5 33.Nxc8 Rxc8 34.Be6 1-0

[Event "29th ECh U20"]
[Site "Patras GRE"]
[Date "2001.07.17"]
[Round "2"]
[White "Tsiamis, Konstantinos"]
[Black "Guseinov, Gadir"]
[Result "1-0"]
[WhiteElo "2217"]
[BlackElo "2456"]
[EventDate "2001.07.16"]
[PlyCount "145"]

1.e4 c5 2.Nf3 Nc6 3.Bb5 g6 4.c3 Bg7 5.d4 Qa5 6.Bxc6 dxc6 7.dxc5 Qxc5 8.Be3
Qb5 9.Qb3 Qa6 10.Ng5 Nh6 11.h3 O-O 12.Nd2 b6 13.c4 c5 14.O-O f5 15.f4 fxe4
16.g4 Nf7 17.Ndxe4 Nxg5 18.Nxg5 Qb7 19.Qc2 Qc6 20.Rae1 Bb7 21.Kh2 Rad8 22.
Bc1 Rd6 23.Rxe7 Bf6 24.Ree1 Re8 25.b3 Rxe1 26.Rxe1 Bxg5 27.fxg5 Rd3 28.Qe2
Qd6+ 29.Qe5 Qxe5+ 30.Rxe5 Rc3 31.Bf4 Rc2+ 32.Kg1 Kf7 33.a4 Rg2+ 34.Kf1 Rb2
35.Re3 Bc8 36.Bb8 Be6 37.Ke1 a6 38.Ba7 b5 39.axb5 axb5 40.cxb5 Bxb3 41.
Bxc5 Be6 42.b6 Rb5 43.Rf3+ Ke8 44.Rf8+ Kd7 45.Be3 Rb3 46.Kd2 Kd6 47.Rh8 
Rb2+ 48.Kc3 Rb3+ 49.Kd2 Rb2+ 50.Kc1 Rb3 51.Bf2 Bd5 52.Rxh7 Be4 53.Rh8 Ke5 
54.Re8+ Kf4 55.Rf8+ Kxg5 56.Kd2 Rxh3 57.Be3+ Kh4 58.g5 Kg3 59.Rf4 Rh4 60.
Rf7 Rh8 61.b7 Bd5 62.Rd7 Bc6 63.Rc7 Rd8+ 64.Kc1 Bf3 65.Ba7 Bxb7 66.Rxb7 
Kf3 67.Rb3+ Ke4 68.Be3 Ra8 69.Bd2 Ra2 70.Kd1 Ra1+ 71.Ke2 Rh1 72.Rb6 Rh2+ 
73.Kd1 1-0

[Event "29th ECh U20"]
[Site "Patras GRE"]
[Date "2001.07.17"]
[Round "2"]
[White "Pert, Richard"]
[Black "Ginzburg, Mikhail"]
[Result "0-1"]
[WhiteElo "2245"]
[BlackElo "2274"]
[EventDate "2001.07.16"]
[PlyCount "72"]

1.e4 c5 2.d3 Nc6 3.g3 g6 4.Bg2 Bg7 5.Nf3 d6 6.O-O Nf6 7.c3 O-O 8.Re1 e5 9.
Nbd2 Rb8 10.a3 b5 11.b4 a5 12.bxa5 Qxa5 13.Bb2 Qa4 14.Qe2 Nd7 15.Rab1 Nb6 
16.Rec1 Bd7 17.c4 bxc4 18.dxc4 Nd4 19.Qd3 Rfc8 20.Ne1 Qa7 21.Nc2 Na4 22.
Ba1 Bg4 23.Bf1 Bh6 24.Ne3 Be6 25.Bg2 Rxb1 26.Rxb1 Rb8 27.Rf1 Nb2 28.Bxb2 
Rxb2 29.f4 Qa5 30.Rd1 exf4 31.gxf4 Bxf4 32.Nef1 Bg4 33.Rb1 Rxb1 34.Nxb1 
Qe1 35.Nd2 Ne2+ 36.Kh1 Qf2 0-1

[Event "29th ECh U20"]
[Site "Patras GRE"]
[Date "2001.07.17"]
[Round "2"]
[White "Zvan, Ziga"]
[Black "Atakisi, Umut"]
[Result "1-0"]
[WhiteElo "2168"]
[BlackElo "2302"]
[EventDate "2001.07.16"]
[PlyCount "117"]

1.e4 c5 2.Nf3 Nc6 3.d4 cxd4 4.Nxd4 Nf6 5.Nc3 e5 6.Ndb5 d6 7.Nd5 Nxd5 8.
exd5 Nb8 9.c4 Be7 10.Be2 O-O 11.O-O f5 12.f4 a6 13.Nc3 Nd7 14.Be3 Bf6 15.
Qd2 exf4 16.Bxf4 Ne5 17.b4 Qb6+ 18.Be3 Qxb4 19.Rab1 Qxc3 20.Qxc3 Nf3+ 21.
Bxf3 Bxc3 22.Rb3 Be5 23.a4 Rf7 24.g3 Rc7 25.Rc1 Bd7 26.Bb6 Rcc8 27.a5 Be8 
28.Be2 Bg6 29.Be3 Re8 30.Kf2 Re7 31.Bg5 Bd4+ 32.Kf1 Rd7 33.Be3 Bxe3 34.
Rxe3 Rc8 35.Rb3 Kf7 36.h4 h6 37.g4 Kg8 38.Bd3 Rf8 39.Kg2 h5 40.g5 Kh7 41.
Re1 f4 42.Bxg6+ Kxg6 43.Re6+ Kh7 44.Kf3 Rc8 45.Rb4 Rc5 46.Ra4 Rdc7 47.Kxf4
Rxc4+ 48.Rxc4 Rxc4+ 49.Kf5 Kg8 50.Rxd6 Kf8 51.Rd7 Rxh4 52.d6 Ke8 53.Rxg7 
Rd4 54.Ke5 Rg4 55.g6 h4 56.Kf5 Rg3 57.d7+ Kd8 58.Rh7 Rd3 59.Ke6 1-0

[Event "29th ECh U20"]
[Site "Patras GRE"]
[Date "2001.07.17"]
[Round "2"]
[White "Castaldo, Folco"]
[Black "Georgiou, Kostantinos"]
[Result "1-0"]
[WhiteElo "2304"]
[BlackElo "2142"]
[EventDate "2001.07.16"]
[PlyCount "87"]

1.Nf3 Nf6 2.c4 d5 3.cxd5 Nxd5 4.b3 Nc6 5.Bb2 Bg4 6.e3 a6 7.a3 Qd6 8.Be2 e5
9.d3 f6 10.Nbd2 Qe6 11.O-O h5 12.Rc1 g6 13.h3 Bxf3 14.Nxf3 Bh6 15.d4 e4 
16.Nd2 f5 17.Rc5 Bf8 18.Rc2 h4 19.Nc4 Rd8 20.Rd2 Bg7 21.b4 b6 22.Ne5 Nxe5 
23.dxe5 b5 24.Qc2 O-O 25.Rfd1 c6 26.Qc5 Rc8 27.Rc1 Bxe5 28.Bxe5 Qxe5 29.
Bd1 Qe6 30.Bb3 Rfd8 31.Rcd1 Kg7 32.Qa7+ Kh6 33.Qxa6 Qe8 34.Bxd5 cxd5 35.
Qf6 Qc6 36.Qxh4+ Kg7 37.Qe7+ Kh6 38.Qh4+ Kg7 39.Qe7+ Kh6 40.Qe5 Qc3 41.
Qf4+ Kg7 42.Rxd5 Qf6 43.Rxd8 Rxd8 44.Qc7+ 1-0